Encyclopedia of physics (Record no. 27740)

MARC details
000 -LEADER
fixed length control field 00297nam a2200121Ia 4500
082 ## - DEWEY DECIMAL CLASSIFICATION NUMBER
Classification number 53(031)
Item number BES
245 #0 - TITLE STATEMENT
Title Encyclopedia of physics
250 ## - EDITION STATEMENT
Edition statement Ed.2
260 ## - PUBLICATION, DISTRIBUTION, ETC. (IMPRINT)
Place of publication New York
Name of publisher Van Nostrand
Year of publication 1974
700 ## - ADDED ENTRY--PERSONAL NAME
Personal name Besancon, Robert M
942 ## - ADDED ENTRY ELEMENTS (KOHA)
Koha item type Books
Holdings
Withdrawn status Lost status Damaged status Not for loan Home library Current library Date acquired Cost, normal purchase price Full call number Accession Number Koha item type
        RRII Library RRII Library 16/12/2021 37.50 53(031) BES 08356 Books